Plants

Bibliographic Details
Main Author: Bender, Lionel
Format: Book
Published: London : Gloucester Press , 1988
Subjects:

MARC

LEADER 00000cam a2200000 7i4500
001 0000007508
002 000008067
005 20000330.0
020 |a 0863137504 
090 0 0 |a J 001   |b BEN 
100 1 |a Bender, Lionel 
245 1 0 |a Plants   |c Lionel Bender 
260 |a London :   |b Gloucester Press ,   |c 1988 
300 |a 33 p. :   |b ill ;   |c 37 cm. 
650 0 0 |a Plants ecology   |x Juvenile literature 
999 |a 016185   |b BUKU   |c JUNIOR REFERENCE   |e PERPUSTAKAAN KOMUNITI PETALING JAYA